Billboard Japan Hot100ベスト20 - Statistics

General Stats
  • This quiz has been taken 170 times
  • The average score is 3 of 20
Answers on the Grid
Answers color-coded by a green-red scale on the quiz's grid according to % correct below.
Bling-Bang-Bang-Born/Creepy Nuts
晩餐歌/tuki.
幾億光年/Omoinotake
アイドル/YOASOBI
ライラック/Mrs.GREEN APPLE
ケセラセラ/Mrs.GREEN APPLE
唱/Ado
怪獣の花唄/Vaundy
青と夏/Mrs.GREEN APPLE
ダンスホール/Mrs.GREEN APPLE
SPECIALZ/King Gnu
Soranji/Mrs.GREEN APPLE
タイムパラドックス/Vaundy
勇者/YOASOBI
Magnetic/ILLIT
GOAT/Number_i
花になって/緑黄色社会
Magic/Mrs.GREEN APPLE
点描の唄 feat.井上苑子/Mrs.GREEN APPLE
Subtitle/Official髭男dism
さよーならまたいつか!/米津玄師
晴る/ヨルシカ
水平線/back number
I'm a mess/MY FIRST STORY
I wonder/Da-iCE
青のすみか/キタニタツヤ
高嶺の花子さん/back number
ドライフラワー/優里
オレンジ/SPYAIR
はいよろこんで/こっちのけんと
最高到達点/SEKAI NO OWARI
ランデヴー/シャイトープ
インフェルノ/Mrs.GREEN APPLE
花/藤井風
ビリミリオン/優里
Perfect Night/LE SSERAFIM
W / X / Y/Tani Yuuki
マリーゴールド/あいみょん
Seven (feat. Latto)/Jung Kook
鬼ノ宴/友成空
第ゼロ感/10-FEET
僕のこと/Mrs.GREEN APPLE
美しい鰭/スピッツ
満ちてゆく/藤井風
新しい恋人達に/back number
ベテルギウス/優里
ナハトムジーク/Mrs.GREEN APPLE
ビビデバ/星街すいせい
コロンブス/Mrs.GREEN APPLE
夜に駆ける/YOASOBI
 
Answer Stats
Answer % Correct
ライラック/Mrs.GREEN APPLE
46%
アイドル/YOASOBI
30%
Bling-Bang-Bang-Born/Creepy Nuts
27%
怪獣の花唄/Vaundy
23%
ケセラセラ/Mrs.GREEN APPLE
21%
晩餐歌/tuki.
21%
幾億光年/Omoinotake
20%
ダンスホール/Mrs.GREEN APPLE
17%
Soranji/Mrs.GREEN APPLE
16%
青と夏/Mrs.GREEN APPLE
14%
唱/Ado
13%
Magnetic/ILLIT
13%
点描の唄 feat.井上苑子/Mrs.GREEN APPLE
10%
Subtitle/Official髭男dism
9%
勇者/YOASOBI
9%
GOAT/Number_i
7%
花になって/緑黄色社会
6%
Magic/Mrs.GREEN APPLE
4%
SPECIALZ/King Gnu
4%
タイムパラドックス/Vaundy
4%
No matching quizzes found
Score Distribution
Percent of People with Each Score
Percentile by Number Answered
Your Score History
You have not taken this quiz